Object-oriented data structures using Java / (Record no. 600002)

000 -LEADER
fixed length control field 00284nam a2200109Ia 4500
008 - FIXED-LENGTH DATA ELEMENTS--GENERAL INFORMATION
fixed length control field 230907s9999||||xx |||||||||||||| ||und||
082 ## - DEWEY DECIMAL CLASSIFICATION NUMBER
Classification number 5.133
Author Mark DAL
100 ## - MAIN ENTRY--PERSONAL NAME
Personal name Dale, Nell
9 (RLIN) 60989
245 #0 - TITLE STATEMENT
Title Object-oriented data structures using Java /
300 ## - PHYSICAL DESCRIPTION
Extent xix, 693 pages :
942 ## - ADDED ENTRY ELEMENTS (KOHA)
Koha item type Book
Holdings
Withdrawn status Lost status Damaged status Not for loan Permanent Location Current Location Date acquired Total Checkouts Full call number Barcode Date last seen Price effective from Koha item type
        US-Pakistan Center for Advanced Studies in Energy (USPCAS-E) US-Pakistan Center for Advanced Studies in Energy (USPCAS-E) 09/25/2019   005.133 DAL CAS-E0004101 09/12/2023 09/12/2023 Book
© 2023 Central Library, National University of Sciences and Technology. All Rights Reserved.